00590nam a22002177a 4500003000500000005001700005008004100022010001000063011001000073035001000083040000900093082001700102100003000119245006300149260003600212300001100248490004100259650001300300650001800313830004100331CHAP20220329140126.0971013s1983 r 00010 d a47362 a48334 a52479 cCHAP a301.427bV3Y00aVan Den Berghe, Pierre L. aSistemas de la familia humanab: una visión evolucinista aMéxico, D.F. :bF.C.E.,c1983 a313 p. aSección de obras de antropología14aFamilia.14aSociología.0 aSección de obras de antropología